| 000 | 00877nam a22002415a 4500 | ||
|---|---|---|---|
| 005 | 20090623120846.0 | ||
| 008 | 090226s2009 ii b 001 0 eng | ||
| 010 | _aENG-94206 | ||
| 020 |
_a9789380032085 _c295.00 |
||
| 035 | _aEN-77739 | ||
| 037 | _bDBAD / PUB | ||
| 040 |
_adpl _bEnglish |
||
| 082 | _a658.3124 | ||
| 100 | _aBarnes, Mark | ||
| 245 |
_aSerious fun / _cby Mark Barnes |
||
| 260 |
_aNew Delhi _bWestland _c2007 |
||
| 270 |
_aF-5 Okhla Industrial Area, Phase I, Mezzanine Floor, _bNew Delhi _e110020 |
||
| 300 |
_a210p. _c26cm(pbk) |
||
| 650 | _aManagement games | ||
| 650 |
_aTeams in the workplace _xTraining of |
||
| 942 |
_2ddc _cEN _mBAR _h658.3124 |
||
| 999 |
_c27792 _d27792 |
||